Advanced Materials and Design of Electromagnetic Interference Shielding /
Guardado en:
| Autor principal: | |
|---|---|
| Formato: | Libro |
| Lenguaje: | inglés |
| Publicado: |
New York :
CRC Press,
2006
|
| Etiquetas: |
Sin Etiquetas, Sea el primero en etiquetar este registro!
|
MARC
| LEADER | 00000nam a22000003a 4500 | ||
|---|---|---|---|
| 001 | 0068274 | ||
| 003 | SK-STU | ||
| 005 | 20181106100206.8 | ||
| 007 | ta | ||
| 008 | 181106s ----xo-----e------000-0-----d | ||
| 020 | |a 978-1-4200-7358-4 | ||
| 040 | |a STU |b slo | ||
| 041 | 0 | |a eng | |
| 044 | |a xxu | ||
| 080 | |a 621.38 | ||
| 100 | 1 | |a Tong, Xingcun Colin |4 aut | |
| 245 | 1 | 0 | |a Advanced Materials and Design of Electromagnetic Interference Shielding / |c aut. Xingcun Colin Tong |
| 260 | |a New York : |b CRC Press, |c 2006 | ||
| 300 | |a 313 s. | ||
| 996 | |b 284EK89985 |c E* 89985 |l EE34 |s P |a 0 |w 0068274_0001 | ||